00985cam a22002775a 4500001001000000003000400010005001700014008004100031020002500072040003600097082001900133100003800152245008500190260006400275300004400339500002400383504003100407650003400438650002700472651001000499653002100509655002400530942001900554999001700573952011700590016974610OSt20150621120911.0141125t2015 flua frb 001 0 eng d a9781439895993 (hbk.) aStDuBDSbengcStDuBDSdEG-ScBUE04a003.1bTAN2221 aTangirala, Arun K.,938181d1974-10aPrinciples of system identification :btheory and practice /cArun K. Tangirala. aBacon Raton :bCRC Press / Taylor & Francis Group,cc.2015. axxxiii, 858 p. :bill. (col.) ;c26 cm. aIndex : p. 829-858. aBibliography : p. 815-828. 0aSystem identification.2BUEsh 0aLinear systems.2BUEsh 2BUEsh bENGELCcJune2015 vreading book934232 2ddck003.1 TAN c19597d19569 00102ddc40708BaccahaMAINbMAINcLOWd2015-06-11epurchasel0o003.1 TANp000038405r2025-07-15 00:00:00yBB